| 000 | 00406nam a2200157Ia 4500 | ||
|---|---|---|---|
| 008 | 210210b1976 xxu||||| |||| 00| 0 eng d | ||
| 082 | _a541.38 SHAN | ||
| 100 | _aSHARMA (Brijesh Kishore). | ||
| 245 | _aNuclear chemistry. Rev. Ed.2 | ||
| 250 | _a | ||
| 260 |
_aMeerut _bGoel Publishing house _c1976 |
||
| 300 | _aii,211 | ||
| 650 | _aNuclear chemistry | ||
| 690 | _aPhysical Chemistry | ||
| 906 | _a034273 | ||
| 999 |
_c85011 _d85011 |
||